000 00291nam a2200121 4500
020 _a056402843
082 0 _a225.5
242 0 0 _bThe New Testament in Shilluk
245 1 1 _aWänyi jwɔk mɛn nyan
260 _aKhartoum
_bUnited Bible Societies
_cc.1977
300 _a647 p.
942 _2ddc
_cBK
999 _c64592
_d64566